Pilote de F1 avec images #2 - Statistiques

Statistiques générales
  • Ce quiz a été pris 1 141 fois
  • Le résultat moyen est 12 sur 16
Statistiques - réponses
Par images Réponse % Correct
Valtteri Bottas
97%
Yuki Tsunoda
97%
Sergio Perez
96%
Alex Albon
95%
Guanyu Zhou
93%
Kevin Magnussen
92%
Kimi Raikkonen
77%
Nikita Mazepin
77%
Niki Lauda
71%
Jenson Button
67%
Antonio Giovinazzi
66%
Mark Webber
66%
Daniil Kvyat
63%
Jacques Villeneuve
46%
Nelson Piquet
35%
Jim Clark
31%
Aucun quiz correspondant
Distribution des résultats
% des personnes avec chaque résultat
Percentile par nombre de réponses
Votre historique - résultats
Vous n’avez pas pris ce quiz